<?xml version="1.0" encoding="UTF-8"?>
<collection xmlns="http://www.loc.gov/MARC21/slim">
  <record>
    <leader>00000nam  2200000   4500</leader>
    <controlfield tag="001">INLIS000000000015851</controlfield>
    <controlfield tag="005">20230918093340</controlfield>
    <datafield tag="035" ind1="#" ind2="#">
      <subfield code="a">0010-0923000092</subfield>
    </datafield>
    <controlfield tag="007">ta</controlfield>
    <controlfield tag="008">230918################|##########|#|##</controlfield>
    <datafield tag="084" ind1="#" ind2="#">
      <subfield code="a">R 117 PIM II 2022</subfield>
    </datafield>
    <datafield tag="100" ind1=" " ind2="#">
      <subfield code="a">Titik Lestari</subfield>
    </datafield>
    <datafield tag="245" ind1="1" ind2="#">
      <subfield code="a">Strategi Implementasi ASEAN MRA-TP dalam Rangka Peningkatan Kompetensi SDM Pariwisata Menuju Sertifikasi ACCSTP /</subfield>
      <subfield code="c">Titik Lestari</subfield>
    </datafield>
    <datafield tag="250" ind1="#" ind2="#">
      <subfield code="a">1</subfield>
    </datafield>
    <datafield tag="260" ind1="#" ind2="#">
      <subfield code="a">Jakarta :</subfield>
      <subfield code="b">Pusbangkom Pimnas dan Manajerial ASN,</subfield>
      <subfield code="c">2022</subfield>
    </datafield>
    <datafield tag="300" ind1="#" ind2="#">
      <subfield code="a">119 halaman :</subfield>
      <subfield code="b">ilus ;</subfield>
      <subfield code="c">30 cm</subfield>
    </datafield>
    <datafield tag="650" ind1="#" ind2="4">
      <subfield code="a">Manajemen SDM</subfield>
    </datafield>
    <datafield tag="520" ind1="#" ind2="#">
      <subfield code="a">Proyek perubahan ini dipilih karena kebutuhan yang sangat mendesak untuk meningkatkan kualitas sumber daya manusia/tenaga kerja pariwisata dalam rangka percepatan Pemulihan dan Peningkatan Produktivitas Sektor Parekraf dilakukan melalui upskilling (peningkatan kompetensi) reskilling (penguatan kompetensi dan new skilling (penambahan kompetensi baru) yang diharapkan mampu menciptakan peluang kerja dan peluang usaha serta mempersiapkan SDM Parekraf yang berkompeten menghadapi tantangan pariwisata dan ekonomi kreatif yang berkelanjutan.</subfield>
    </datafield>
    <datafield tag="990" ind1="#" ind2="#">
      <subfield code="a">117</subfield>
    </datafield>
  </record>
</collection>
